napoleon round cake - Statistics

General Stats
  • This quiz has been taken 2 times
  • The average score is 11 of 15
Answer Stats
questions Answer % Correct
By how many days Phobia claims being older ? 35
100%
Pick a number between 1-100 69
100%
After receiving voice msgs lo siento decided to share one gif to show his appreciation what was the guy behind it name ? Charlie
100%
What's the name of the first song ever shared by lo siento ? Don't take me alive
100%
What makes the 2014 WC so nostalgic for lo siento ? Latinas
100%
What was hello kitty girl's nickname ? Num Num
100%
I "..." you Owl
100%
In order to disappear completely Lo siento suggestedthe use of what kind of phones ? Burner phones
50%
What was the creature featuring in lo siento's disstrackfamous for ? Head tilting
50%
What former real madrid player ruined lo siento's prestige ? Joselu
50%
What duo was considered the epitome of teklakh in our class n convos ? lazaar and mossab
50%
In that same class what was lo siento's nickname among lqasirat ? Mad scientist
50%
What famous moroccan sweet was used to persuade Mr Baroudi ? Meqrot
50%
In football terms what does Brexit means Brexit imply ? Tackling
50%
What was the name of our first restaurant ? tbh can't remember just making sure u don't get a perfect score
0%
No matching quizzes found
Score Distribution
Percent of People with Each Score
Percentile by Number Answered
Your Score History
You have not taken this quiz